Normal view
MARC view
- MASTRETTA, ANGELES,
Entry Nombre Personal
001 - NUMERO DE CONTROL
- campo de control: 20586
003 - IDENTIFICADOR DE NUMERO DE CONTROL
- campo de control: UPN
005 - FECHA Y HORA DE LA ÜLTIMA TRANSACCIÓN
- campo de control: 20210219193930.0
008 - DATOS DE LONGITUD FIJA
- campo de control de longitud fija: nabaccnnaabn|||||||||| b |nc|||||d
035 ## - NUMERO DE CONTROL
- Número de control: UPN10000020595
040 ## - FUENTE DE CATALOGACIÓN
- Lenguaje de catalogación: SPA
- Agencia de transcripción: UPN
100 1# - ENCABEZAMIENTO - NOMBRE PERSONAL
- Nombre personal: MASTRETTA, ANGELES,
- Fechas asociadas con el nombre: 1949- -
- Subdivisión temática general : CRITICA E INTERPRETACION
670 ## - FUENTE EN LA QUE SE LOCALIZARON DATOS
- Cita de la fuente: LC
- Información localizada: Mastretta, Angeles, 1949- --Criticism and interpretation
902 ## - CATALOGADOR
- Catalogador: MITM/070612
